1015 1141 1935 1551 1486 1725 1216 1278 1830 1158 1322 1811 1324 1882 1546 1431 1955 1762 1747 1387 1457 1054 1209 1767 1392 1701 1156 1132 1465 1331 1004 1573 1334 1848 1647 1314 1347 1777 1701 1596 1468 1807 1807 1103 1954 1284 1197 1917 1192 1613 1999 1944 1296 1903 1263 1088 1795 1355 1834 1875 1893 1745 1015 1621 1425 1046 1160 1769 1710 1452 1169 1705 1435 1567 1517 1056 1600 1500 1462 1823 1354 1310 1859 1972 1750 1541 1965 1884 1305 1669 1892 1232 1527 1106 1854 1876 1797 1723 1264 BCNSPRNW ULIB Ver.6.0+V

เปลี่ยนเป็นภาษาไทย

Change to English
 แสดงรายละเอียดบรรณานุกรม
  กลับหน้าหลัก

Brief Record : Get Marc (ISO 2709) : E-mail record : QR code < ปิดหน้าต่าง
LEADER : 00000nam 2200000uu 4500
001    13399127958
003     ULIB
008    211117s2563||||th 000 0 tha d
020    ^a9786160040209
050    ^aนว^bม721ก
100 0  ^aเมญาณี
245 10 ^aกลิ่นจันทน์ /^cเมญาณี
250    ^aพิมพ์ครั้งที่ 1
260    ^aกรุงเทพฯ: ^bพิมพ์คำสำนักพิมพ์,^c2563
300    ^aa392 หน้า ;^c21 ซม.
520    ^aหม่อมเจ้าทัตเทพปรี่มาเวเคชันที่ไร่เมืองเหนือ ซึ่งแอบซื้อไว้ทันทีที่ได้รับอนุญาต ตั้งใจไว้ว่าจะมาปลีกวิเวก หลีกหนีจากความวุ่นวายทั้งปวง ทว่าเพียงแค่มาถึงหน้าประตูเข้าไร่ก็เจอกับการต้อนรับอันแสนจะตื่นตาและร้าวระบม เพราะเข้าใจผิดคิดว่าผู้บุกรุกยามวิกาลเป็น "โจร" กลิ่นจันทร์จึงฟาดไม้ใส่ไม่ยั้ง "เฮ้ย! หยุดนะ เธอเป็นใคร กล้าดียังไงถึงได้มาทำร้ายฉันแบบนี้" "ใคร ๆ ก็มีสิทธิ์ตีโจร จับโจรส่งตำรวจทั้งนั้น!" แม้การเจอกันครั้งแรกจะไม่ประทับใจและออกจะขัดหูขัดตาอยู่มาก ทว่าเสน่ห์ของหญิงสาวจากแดนสิบสองปันนา กลับค่อย ๆ หลอมละลาย ตราตรึง และทำให้ราชนิกุลหนุ่ม "โปรด" เพิ่มขึ้นได้ในทุกวัน หากจะเปรียบทัศนยภาพรอบวรกายว่า "งามจับตา" ภาพใบหน้าอ่อนเยาว์ของนางอัปสรา ยามต้องแสงสุริยาก็นับว่างามจับใจ "เป็นเมียฉันได้หรือไม่กลิ่นจันทร์" -- ปกหลัง
650  7 ^aนวนิยาย
945    ^p280^l0^i008548
999    ^aประนอม เกษจรัล
รายการนี้ยังไม่มีแท็ก
คุณยังไม่ได้ล็อกอิน คุณสามารถมีกิจกรรมร่วมกับเว็บไซต์ได้ แต่ต้องล็อกอินก่อน ::
  ล็อกอิน

รายการสื่อสารสนเทศ

ลำดับที่ ประเภท เลขเรียก/บาร์โค้ด สถานที่ สถานะ
1. นวนิยาย
นวนิยาย
นว ม721ก ฉ.1 
  Barcode: 008548
ห้องสมุดวิทยาเขตสวรรค์ประชารักษ์
►นวนิยาย
บนชั้น
  ขอยืม

รายการใกล้เคียง
    ผู้แต่ง [เมญาณี]

    หัวเรื่อง [นวนิยาย]

BibComment


ยังไม่เคยถูกคอมเมนท์

คอมเมนท์ทรัพยากรรายการนี้
  คอมเมนท์: กลิ่นจันทน์ เมญ..


 Copyright 2026. Bcnsprnw @Library